Name a Valid Springsteen Song A-Z - Statistics

General Stats
  • This quiz has been taken 49 times
  • The average score is 13 of 21
Answer Stats
letter # song % Correct
B 12 Backstreets | Badlands | Because the Night | Be True | Better Days | Blind Spot | Blinded by the Light | Bobby Jean | Born in the USA | Born to Run | Brilliant Disguise | Burning' Train
100%
D 11 Darlington County | Dancing in the Dark | Dead Man Walkin' | Death to my Hometown | Devils and Dust | Do I Love You (Indeed I Do) | Does this Bus Stop at 82nd Street? | Don't Play that Song | Downbound Train | Dream Baby Dream | Drive All Night
89%
R 10 Radio Nowhere | Rain in the River | Ramrod | Reason to Believe | Repo Man | (The) River | (The) Rising | Rocky Ground | Roll of the Dice | Rosalita (Come Out Tonight)
85%
A 9 Adam Raised a Cain | Adelita | All that Heaven Will Allow | All the Way Home | American Beauty | American Land | American Skin | (The) Angel | Atlantic City
80%
S 14 Sad Eyes | Sandpaper | Santa Claus is Comin' to Town | Save My Love | Secret Garden | Sherry Darling | Spare Parts | Spirit in the Night | Song for Orphans | State Trooper | Stolen Car | Stand on It | Streets of Minneapolis | Streets of Philadelphia | Sunday Love
76%
G 5 Ghosts | (The) Ghost of Tom Joad | Girls in Their Summer Clothes | Glory Days | Growin' Up
74%
I 7 I Wanna Marry You | If I Should Fall Behind | I'll See You in My Dreams | I'm a Rocker | I'm Goin' Down | I'm on Fire | Incident on 57th Street | Independence Day
74%
H 5 Hello Sunshine | High Hopes | Highway Patrolman | Human Touch | Hungry Heart
70%
T 10 The Ties that Bind | This Little Light of Mine | Thunder Road | Tenth Avenue Freeze-Out | Tougher Than the Rest | Trapped | Tucson Train | Tunnel of Love | Turn Back the Hands of Time | Two Hearts
70%
C 5 Cadillac Ranch | Candy's Room | Chimes of Freedom | Crush on You | Cover Me
65%
M 10 Mansion on the Hill | Mary Queen of Arkansas | Meet Me in the City | Meeting Across the River | Missing | Murder Incorporated | My City of Ruins | My Father's House | My Hometown | My Lucky Day
65%
N 3 Nebraska | Nightshift | No Surrender
57%
W 9 Waitin' on a Sunny Day | War | We Take Care of Our Own | Western Stars | What Love Can Do | Working on a Dream | Working on the Highway | Wrecking Ball | (The) Wrestler
52%
J 3 Jackson Cage | Jersey Girl | Johnny 99
50%
L 7 Leap of Faith | Letter to You | Life Itself | Lonesome Day | Long Walk Home | Lost in the Flood | Lucky Town
48%
P 8 Party Lights | Pay Me My Money Down | Pink Cadillac | Point Blank | (The) Power of Prayer | (The) Price You Pay | (The) Promised Land | Prove It All Night
48%
O 4 One Minute You're Here | One Step Up | Open All Night | Out in the Street
43%
F 6 4th of July, Asbury Park (Sandy) | 57 Channels (And Nothin' On) | Fade Away | Faithless | Fire | For You
39%
E 1 The E Street Shuffle
28%
Y 2 You Can Look (But You Better Not Touch) | Youngstown
26%
U 1 Used Cars
15%
No matching quizzes found
Score Distribution
Percent of People with Each Score
Percentile by Number Answered
Your Score History
You have not taken this quiz